000
00186 a2200097 4500
001
12215
100
_a
Tarar,M.H
245
_a
Raakh
260
_a
_b
Sang-e-Meel
_c
090
_c
9432
_d
9432
942
_a
NUST-CAE
_c
M
_c
36303
999
_c
247288
_d
247288